000
00317 a2200169 4500
001
175433
020
_a
85-02-04034-0
040
_c
Magnum
100
_a
Lopes, Sônia
240
1
0
_a
Bio 2
_l
por
245
1
0
_a
Bio 2
300
_a
524
362
0
_a
2003
440
1
_a
Saraiva
697
_a
BIOLOGIA
942
_c
BK
999
_c
175433
_d
175433